Every Song by Bastille - Statistics

General Stats
  • This quiz has been taken 119 times
    98 since last reset
  • The average score is 29 of 75
Answer Stats
Album Song % Correct
B∆D BLOOD(2013) Pompeii
100%
B∆D BLOOD(2013) Bad Blood
87%
B∆D BLOOD(2013) Things We Lost in the Fire
83%
B∆D BLOOD(2013) Icarus
70%
B∆D BLOOD(2013) Oblivion
70%
WILD WORLD(2016) Good Grief
61%
DOOM D∆YS(2019) 4AM
57%
B∆D BLOOD(2013) Daniel In The Den
57%
B∆D BLOOD(2013) Get Home
57%
Give Me the Future(2022) Give Me the Future
57%
B∆D BLOOD(2013) Laura Palmer
57%
DOOM D∆YS(2019) Doom Days
52%
WILD WORLD(2016) Snakes
52%
B∆D BLOOD(Bonus)(2013) Weight of Living, Pt. I
52%
B∆D BLOOD(2013) Weight of Living, Pt. II
52%
WILD WORLD(2016) Four Walls (The Ballad of Perry Smith)
48%
WILD WORLD(2016) Glory
48%
DOOM D∆YS(2019) Quarter Past Midnight
48%
B∆D BLOOD(2013) These Streets
48%
DOOM D∆YS(2019) Joy
43%
WILD WORLD(Bonus)(2019) Oil on Water
43%
B∆D BLOOD(2013) Overjoyed
43%
Give Me the Future(Bonus)(2022) survivin'
43%
WILD WORLD(2016) The Currents
43%
DOOM D∆YS(2019) Bad Decisions
39%
WILD WORLD(Bonus)(2019) Campus
39%
DOOM D∆YS(2019) Divide
39%
Goosebumps(2020) Goosebumps
39%
WILD WORLD(2016) Lethargy
39%
ALL THIS B∆D BLOOD(2013) Of the Night
39%
ALL THIS B∆D BLOOD(2013) Poet
39%
WILD WORLD(2016) Power
39%
WILD WORLD(Bonus)(2019) Shame
39%
ALL THIS B∆D BLOOD(2013) Skulls
39%
WILD WORLD(Bonus)(2019) The Anchor
39%
WILD WORLD(2016) Warmth
39%
WILD WORLD(Bonus)(2019) Way Beyond
39%
DOOM D∆YS(2019) Another Place
35%
WILD WORLD(2016) Blame
35%
B∆D BLOOD(2013) Flaws
35%
ALL THIS B∆D BLOOD(2013) Laughter Lines
35%
DOOM D∆YS(2019) Million Pieces
35%
DOOM D∆YS(2019) Nocturnal Creatures
35%
WILD WORLD(2016) Send Them Off!
35%
ALL THIS B∆D BLOOD(2013) The Draw
35%
ALL THIS B∆D BLOOD(2013) The Silence
35%
DOOM D∆YS(2019) The Waves
35%
DOOM D∆YS(2019) Those Nights
35%
WILD WORLD(2016) Two Evils
35%
WILD WORLD(2016) Winter of Our Youth
35%
WILD WORLD(2016) An Act of Kindness
30%
Give Me the Future(2022) Distorted Light Beam
30%
ALL THIS B∆D BLOOD(2013) Durban Skies
30%
DOOM D∆YS(Bonus)(2019) Good Lesson
30%
Give Me the Future(2022) Plug In...
30%
Give Me the Future(2022) Promises
30%
Give Me the Future(2022) Shut Off the Lights
30%
ALL THIS B∆D BLOOD(2013) Sleepsong
30%
Give Me the Future(2022) Stay Awake?
30%
Give Me the Future(2022) Thelma + Louise
30%
ALL THIS B∆D BLOOD(2013) Tuning Out
30%
Give Me the Future(2022) Back to the Future
26%
ALL THIS B∆D BLOOD(2013) Previously on Other People's Heartache...
26%
DOOM D∆YS(Bonus)(2019) Admit Defeat
22%
WILD WORLD(2016) Fake It
22%
Give Me the Future(2022) Future Holds
22%
ALL THIS B∆D BLOOD(2013) Haunt
22%
Give Me the Future(2022) No Bad Days
22%
Give Me the Future(2022) Total Dissociation(interlude)
22%
Give Me the Future(2022) Brave New World(interlude)
17%
Give Me the Future(2022) Club 57
17%
Give Me the Future(Bonus)(2022) Back to the Innerverse
13%
WILD WORLD(Bonus)(2019) Final Hour
13%
Give Me the Future(Bonus)(2022) Real Life
13%
Goosebumps(2020) WHAT YOU GONNA DO???
13%
No matching quizzes found
Score Distribution
Percent of People with Each Score
Percentile by Number Answered
Your Score History
You have not taken this quiz since the last reset